Loading...
Current Events | 5 | 14.00 | 100% | 40% | 20% |
Fine Arts - Classical Music | 6 | 10.00 | 100% | 0% | 0% |
Fine Arts - Other Fine Arts | 6 | 18.33 | 100% | 50% | 33% |
Fine Arts - Painting & Sculpture | 6 | 11.67 | 100% | 17% | 0% |
Geography | 6 | 18.33 | 100% | 50% | 33% |
History - American History | 2 | 20.00 | 100% | 100% | 0% |
History - European History | 4 | 12.50 | 75% | 25% | 25% |
History - Other History | 8 | 6.25 | 50% | 13% | 0% |
History - World History | 6 | 15.00 | 83% | 50% | 17% |
Literature - American Literature | 7 | 8.57 | 86% | 0% | 0% |
Literature - British Literature | 7 | 5.71 | 57% | 0% | 0% |
Literature - European Literature | 5 | 10.00 | 100% | 0% | 0% |
Literature - World Literature | 9 | 13.33 | 100% | 33% | 0% |
Mythology | 4 | 20.00 | 100% | 75% | 25% |
Other Academic | 2 | 15.00 | 100% | 50% | 0% |
Philosophy | 9 | 10.00 | 78% | 22% | 0% |
Religion | 6 | 18.33 | 100% | 50% | 33% |
Science - Biology | 7 | 10.00 | 86% | 14% | 0% |
Science - Chemistry | 11 | 12.73 | 91% | 36% | 0% |
Science - Other Science | 4 | 7.50 | 50% | 0% | 25% |
Science - Physics | 9 | 10.00 | 67% | 33% | 0% |
Social Science | 5 | 14.00 | 100% | 20% | 20% |